ABC hudebních slohů Od raného středověku k .J. S. Bachovi

Bibliographic Details
Main Author: Kouba, Jan, 1931- (Author)
Other Authors: Kovář, Milan (Bookjacket designer)
Format: Book
Language:Czech
PhysicalDescription:167 s. Noty 21 cm
Published: Praha Supraphon 1982
Edition:1. vyd.
Subjects:

MARC

LEADER 00000nam a2200000 a 4500
001 vtls001265548
003 SK-MaSNL
005 20260301234550.0
008 240315s1982 xr g 0 100 cze
035 |a SNK000216478 
040 |a SNK  |b slo  |c SNK  |e AACR2 
041 |a cze 
044 |a xr  |c CZ 
080 |a 78.03  |2 2001 
080 |a (035)  |2 2001 
100 1 |a Kouba, Jan,  |d 1931-  |4 aut  |9 263217 
245 1 |a ABC hudebních slohů  |b Od raného středověku k .J. S. Bachovi  |c Jan Kouba ; obálka a grafická úprava Milan Kovář 
250 |a 1. vyd. 
260 |a Praha  |b Supraphon  |c 1982  |e Praha  |f Polygrafia 
300 |a 167 s.  |b Noty  |c 21 cm 
504 |a Reg. 
650 0 7 |a dejiny hudby  |2 SNKPH  |9 3387 
655 7 |a príručky  |2 SNKPH  |9 74364 
700 1 |a Kovář, Milan  |4 bjd  |4 bkd  |9 630747 
958 |a OND 
999 |c 970672  |d 972602 
952 |t P60, <04>, [BOOK], {604}  |a SNK  |b SNK  |y VYP  |7 0  |p 17A0018452  |o snkIC 91961 D1  |0 0  |1 1  |4 0  |d 1996-11-07  |l 0  |r 2005-01-01 00:00:00  |w 2026-02-24 
952 |a SNK  |b SNK  |y VYP  |7 0  |p 17A0063944  |o snkIC 91961   |i snkKIP 6143/83  |0 0  |1 0  |4 0  |d 1997-06-17  |l 0  |r 2005-01-01 00:00:00  |w 2026-02-24